00384nam a2200085Ia 4500008004100000245013900041260000900180300008600189650002300275180130s9999 xx 000 0 und d cSiewiorek, Anna; Saarinen, Eeli; Lainemab, Timo; Lehtinen, ErnoaLearning leadership skills in a simulated business data communication c2015 aBook title: Elements of data communication--Acession number C20540; pages 259-292 aDATA COMMUNICATION